INGRES. ESQL

Gespeichert in:
Bibliographische Detailangaben
Format: Buch
Sprache:Englisch
Veröffentlicht: B.m. : B.n, [1986]
Tags: Tag hinzufügen
Keine Tags, Fügen Sie das erste Tag hinzu!

MARC

LEADER 00000nam a22000003a 4500
001 stu310
005 20201020163210.1
008 910508s1986----xxu-----------------eng-d
040 |a STU  |b slo 
041 0 |a eng 
044 |a xxu 
080 |a 681.32.06 
080 |a INGRES  |7 stu_us_auth*stu8371 
080 |a 681.32.016 
080 |a 519.683.5 
245 |a INGRES. ESQL 
260 |a B.m. :  |b B.n,  |c [1986] 
300 |a Preruš. str 
996 |b I4552  |c I*4552  |l II680  |s A  |a 24  |w stu310_0001